| 000 | 00544nam a22001937a 4500 | ||
|---|---|---|---|
| 005 | 20251108171959.0 | ||
| 008 | 250721s1989 xx 000 0 ara d | ||
| 082 | 1 | 4 | _a649.1/عصا |
| 100 | 1 | _aنمر، عصام | |
| 245 | 1 | 0 | _aالطفل و الأسرة و المجتمع / |
| 264 | 1 |
_aعمان : _bدار الفكر للنشر و التوزيع، _c1989. |
|
| 300 | _a148ص | ||
| 650 | 1 | 7 | _aالأطفال |
| 650 | 1 | 7 | _aالرعاية |
| 650 | 1 | 7 | _aالصحة |
| 700 | 1 | _aسماره، عزيز | |
| 942 |
_2ddc _cBK |
||
| 999 |
_c67485 _d67485 |
||